000 00808nam a22002657a 4500
001 BR8204316
003 BR-BrBNA
005 20230928091415.0
007 ta
008 230509b bl.||||| |||| 00| 0 por d
040 _aBR-BrBNA
_bpor
_cBiblioteca Nacional de Agricultura
041 _a(Por)
072 _aA50; E30
_b/G514
090 _ A50 BR8204316
110 1 _aInstituto de Pesquisas Agronomicas, Porto Alegre, RS (Brasil)
_96134
245 1 _aInstituto de Pesquisas Agronomicas, 20 anos 1982 [Rio Grande do Sul, Brasil]
260 3 _aPorto Alegre, RS (Brasil):
_c1982.
300 _a19 p.
650 _aPOLITICA DE DESENVOLVIMENTO
650 _aPESQUISA AGRICOLA
650 _aINSTITUICAO DE PESQUISA
650 _aRIO GRANDE DO SUL
909 _a202309
_bLucia
_c55
_dLucia Elande
942 _cBK
999 _c33731
_d33731